000 00645nam a22002417a 4500
003 UA-OsUOA
001 94652
007 ta
008 20130215b un ||||| |||| 00| 0 ukr d
100 _aДолматовский Е.
090 _a821.161.1
_bД64
942 _cBK
040 _aUA-OsUOA
_brus
_cUA-OsUOA
_dUA-OsUOA
245 _aБыло
_bзаписки поэта
300 _a519 с.
955 _a3
041 _arus
080 _a821.161.1
260 _aМ.
_bСоветский писатель
_c1979
246 3 1 _aКн. 2
_n
650 7 _a82 Література. Літературознавство
_2UDC
999 _c380894
_d380894